| 000 | 00580cam a2200169 4500 | ||
|---|---|---|---|
| 020 | _a0132313812 | ||
| 082 | 0 | 0 |
_a330 _bTHO _cL-17, P-24 |
| 100 | 1 |
_aThompson, Arthur A., _937825 |
|
| 245 | 1 | 4 |
_aEconomics of the firm: theory and practice _c[by] Arthur A. Thompson, Jr. |
| 260 |
_aEnglewood Cliffs, N.J., _bPrentice-Hall _c[1973] |
||
| 300 |
_axvi, 591 p. _billus. _c25 cm. |
||
| 490 | 0 | _aPrentice-Hall international series in management. | |
| 526 |
_a0 _b0 _c0 _d330_000000000000000_THO |
||
| 650 | 0 |
_aIndustrial organization. _937826 |
|
| 650 | 0 | _aMicroeconomics. | |
| 942 |
_2ddc _cBK |
||
| 999 |
_c542595 _d542595 |
||